Lebanese Basketball League Champions and runner-up - Statistics

General Stats
  • This quiz has been taken 15 times
  • The average score is 52 of 62
Answer Stats
Hint Champion % Correct
2019 Beirut Club
100%
2022 Beirut Club
100%
1994 Sagesse
100%
1998 Sagesse
100%
1999 Sagesse
100%
2000 Sagesse
100%
2001 Sagesse
100%
2002 Sagesse
100%
2003 Sagesse
100%
2004 Sagesse
100%
2005 Sagesse
100%
2006 Sagesse
100%
2014 Sagesse
100%
2016 Sagesse
100%
2024 Sagesse
100%
2025 Sagesse
100%
1993 Al Riyadi
92%
1995 Al Riyadi
92%
1997 Al Riyadi
92%
2001 Al Riyadi
92%
2003 Al Riyadi
92%
2005 Al Riyadi
92%
2006 Al Riyadi
92%
2007 Al Riyadi
92%
2008 Al Riyadi
92%
2009 Al Riyadi
92%
2010 Al Riyadi
92%
2011 Al Riyadi
92%
2014 Al Riyadi
92%
2015 Al Riyadi
92%
2016 Al Riyadi
92%
2017 Al Riyadi
92%
2018 Al Riyadi
92%
2019 Al Riyadi
92%
2021 Al Riyadi
92%
2022 Al Riyadi
92%
2023 Al Riyadi
92%
2024 Al Riyadi
92%
2025 Al Riyadi
92%
2017 Homentmen
92%
2018 Homentmen
92%
2021 Champville
85%
2023 Dynamo
85%
2002 Champville
77%
2004 Champville
77%
2010 Champville
77%
2011 Champville
77%
2012 Champville
77%
2000 Antranik Beirut
69%
2015 Byblos Club
62%
1993 Kahraba Zouk
62%
1994 Kahraba Zouk
62%
1995 Kahraba Zouk
62%
2008 Moutahed
62%
2009 Moutahed
62%
1997 Tadamon Zouk
62%
1998 Tadamon Zouk
62%
1999 Tadamon Zouk
62%
2007 Blue Stars
46%
2012 Anibal
38%
1992 Aamal Bikfaya
0%
1992 Mont La Salle
0%
No matching quizzes found
Score Distribution
Percent of People with Each Score
Percentile by Number Answered
Your Score History
You have not taken this quiz